1840 1910 1194 1695 1036 1648 1490 1621 1873 1336 1384 1069 1798 1574 1063 1455 1825 1690 1654 1483 1083 1895 1719 1877 1303 1615 1663 1939 1776 1339 1482 1742 1159 1325 1816 1503 1939 1473 1914 1248 1562 1905 1549 1684 1355 1164 1817 1143 1337 1789 1275 1051 1690 1871 1874 1820 1983 1660 1567 1857 1366 1759 1927 1159 1370 1417 1240 1860 1993 1533 1849 1301 1077 1363 1304 1566 1240 1855 1226 1431 1963 1241 1316 1133 1831 1174 1019 1510 1436 1740 1093 1410 1630 1501 1278 1451 1781 1444 1794 BCNSPRNW ULIB Ver.6.0+V

เปลี่ยนเป็นภาษาไทย

Change to English
 แสดงรายละเอียดบรรณานุกรม
  กลับหน้าหลัก

Brief Record : Get Marc (ISO 2709) : E-mail record : QR code < ปิดหน้าต่าง
LEADER : 00000nam 2200000uu 4500
001    13399128839
003     ULIB
008    241009s||||||||th 000 0 tha d
020    ^a9786160845743
050  0 ^aBF128^bต777จ
100 N  ^aเติมศักดิ์ คทวณิช
245 N  ^aจิตวิทยาทั่วไป/^cเติมศักดิ์ คทวณิช
246 N  ^aGeneral psychology
260 N  ^aกรุงเทพฯ:^bซีเอ็ดยูเคชั่น,^c2546
300 N  ^a331 หน้า : ^bภาพประกอบ;^c26ซม.
520 N  ^aสาระสังเขป หนังสือเล่มนี้ ผู้เขียนมีความตั้งใจที่จะเรียบเรียงให้มีเนื้อหาทางจิตวิทยาที่ละเอียดครบถ้วน และสามารถอ่านเข้าใจได้ง่าย มีตัวอย่างและภาพประกอบที่ชัดเจนสวยงาม เพื่อให้ผู้ศึกษาได้เกิดความรู้และความเข้าใจอย่างแท้จริง โดยรวบรวมข้อมูลจากเอกสารและตำราทางจิตวิทยาทั้งของไทยและของต่างประเทศ รวมทั้งประสบการณ์ในการสอนของผู้เขียนเองด้วย เนื้อหาภายในเล่มประกอบด้วยสาระสำคัญ ได้แก่ ความรู้เบื้องต้นเกี่ยวกับจิตวิทยา อิทธิพลของพันธุกรรมและสิ่งแวดล้อม พัฒนาการของมนุษย์ พื้นฐานทางสรีรวิทยาที่เกี่ยวข้องกับพฤติกรรม การรับสัมผัสและการรับรู้ การจูงใจ การเรียนรู้ เชาวน์ปัญญา บุคลิกภาพ สุขภาพจิตและการปรับตัว และพฤติกรรมทางสังคม
650 N  ^aจิตวิทยา
945    ^p250^l0^i011061
945    ^p250^l0^i011062
945    ^p250^l0^i011063
945    ^p250^l0^i011064
945    ^p250^l0^i011065
945    ^p250^l0^i011066
945    ^p250^l0^i011067
999    ^aประนอม เกษจรัล
รายการนี้ยังไม่มีแท็ก
คุณยังไม่ได้ล็อกอิน คุณสามารถมีกิจกรรมร่วมกับเว็บไซต์ได้ แต่ต้องล็อกอินก่อน ::
  ล็อกอิน

รายการสื่อสารสนเทศ

ลำดับที่ ประเภท เลขเรียก/บาร์โค้ด สถานที่ สถานะ
1. การศึกษาทั่วไป
หนังสือสำรอง
สถานะ=หนังสือสำรอง
BF128 ต777จ ฉ.1 
  Barcode: 011061
ห้องสมุดวิทยาเขตสวรรค์ประชารักษ์
►หนังสือทั่วไป
บนชั้น
2. การศึกษาทั่วไป
การศึกษาทั่วไป
BF128 ต777จ ฉ.2 
  Barcode: 011062
ห้องสมุดวิทยาเขตสวรรค์ประชารักษ์
►หนังสือทั่วไป
บนชั้น
3. การศึกษาทั่วไป
การศึกษาทั่วไป
BF128 ต777จ ฉ.3 
  Barcode: 011063
ห้องสมุดวิทยาเขตสวรรค์ประชารักษ์
►หนังสือทั่วไป
บนชั้น
4. การศึกษาทั่วไป
การศึกษาทั่วไป
BF128 ต777จ ฉ.4 
  Barcode: 011064
ห้องสมุดวิทยาเขตสวรรค์ประชารักษ์
►หนังสือทั่วไป
บนชั้น
5. การศึกษาทั่วไป
การศึกษาทั่วไป
BF128 ต777จ ฉ.5 
  Barcode: 011065
ห้องสมุดวิทยาเขตสวรรค์ประชารักษ์
►หนังสือทั่วไป
บนชั้น
6. การศึกษาทั่วไป
การศึกษาทั่วไป
BF128 ต777จ ฉ.6 
  Barcode: 011066
ห้องสมุดวิทยาเขตสวรรค์ประชารักษ์
►หนังสือทั่วไป
บนชั้น
7. การศึกษาทั่วไป
การศึกษาทั่วไป
BF128 ต777จ ฉ.7 
  Barcode: 011067
ห้องสมุดวิทยาเขตสวรรค์ประชารักษ์
►หนังสือทั่วไป
บนชั้น

รายการใกล้เคียง
    ผู้แต่ง [เติมศักดิ์ คทวณิช]

    หัวเรื่อง [จิตวิทยา]

BibComment


ยังไม่เคยถูกคอมเมนท์

คอมเมนท์ทรัพยากรรายการนี้
  คอมเมนท์: จิตวิทยาทั่วไป เ..


 Copyright 2026. Bcnsprnw @Library